000 00844nas a2200277 4500
001 BR2014001549
003 BR-BrBNA
005 20231205123850.0
007 ta
008 230509b bl.|||p| |||| 00| 00por d
040 _aBR-BrBNA
_bpor
_cBiblioteca Nacional de Agricultura
041 _a(Pt)
072 _aH20
100 1 _aSousa, T.G. de
100 1 _aBlum, L.E.B.
245 1 _aUso de trichoderma harzianum e condicionador orgânico de solo para controle da podridão por Sclerotium Rolfsii em alho
650 _aALHO
650 _aSCLEROTIUM ROLFSII
650 _aPATÓGENO
650 _aDOENÇA DE PLANTA
650 _aFUNGO
650 _aCONTROLE QUÍMICO
773 0 _tNosso Alho (Brazil)
_xISSN 2177-2959
_g(Dec 2013), no. 18 p. 58-63
_wBR2014001549
909 _a202311
_bLúcia
_c55
_dLúcia Elande
942 _2AGRIS
_n0
_cANA
999 _c236100
_d236100